000 00783nam a2200253Ia 4500
003 OSt
005 20220918170437.0
006 a|||||r|||| 00| 0
007 ta
008 220917b |||||||| |||| 00| 0 eng d
020 _a9780230237520 (hbk)
_c5014
024 _a264,947
037 _b62/2012-13, 10/08/2012, Pioneer Book Distributors
_cTextual
040 _aARTS
_cARTS
_beng
041 _2eng
_aeng
082 _aV1:19.P1, Q2
100 _aErskine Toni Ed.
_929066
245 0 _aTragedy and international relations
260 _aNew York
_bPalgrave Macmillan USA
_c2012
300 _a222p.
_ccm.
650 _aHISTORY
942 _hV1:19.P1, Q2
_cTEXL
_2CC
999 _c134153
_d134153